| 000 | 00827cam a22002415a 4500 | ||
|---|---|---|---|
| 001 | 18762793 | ||
| 005 | 20161206120350.0 | ||
| 008 | 150827t2016 flua frb 001 0 eng d | ||
| 020 | _a9781482226546 | ||
| 040 |
_aDLC _beng _cDLC _dDLC _dEG-ScBUE |
||
| 082 | 0 | 4 |
_a006.4 _222 _bDAT |
| 100 | 1 | _aDatta, Asit Kumar. | |
| 245 | 1 | 0 |
_aFace detection and recognition : _btheory and practice / _cAsit Kumar Datta, Madhura Datta, Pradipta Kumar Banerjee. |
| 260 |
_aBoca Raton : _bCRC Press / Taylor & Francis Group, _cc.2016. |
||
| 300 |
_axxv, 325 p. : _bill. ; _c24 cm. |
||
| 500 | _aIndex : p. 323-325. | ||
| 504 | _aBibliography : p. 305-321. | ||
| 650 | 7 |
_aHuman face recognition (Computer science) _2BUEsh |
|
| 653 |
_bCOMSCI _cDecember2016 |
||
| 700 | 1 | _aDatta, Madhura. | |
| 700 | 1 | _aBanerjee, Pradipta Kumar. | |
| 942 | _2ddc | ||
| 999 |
_c23471 _d23443 |
||